00300nam a2200121Ia 4500008004100000041000800041082001200049100001900061245002400080260003500104300003200139365000700171240624s9999 xx 000 0 und d aeng a823 BAN aBANKER ASHOK K aDEMONS OF CHITRAKUT c2005aNew DelhibPenguin Books axxvi, : 615 : p. : cm. ; 25 cRS